| 000 | 00585nam a2200169 i 4500 | ||
|---|---|---|---|
| 001 | 73910 | ||
| 003 | ES-MaACL | ||
| 005 | 20230906171946.0 | ||
| 007 | t| | ||
| 008 | 040913m19351936fr ||||1| fre d | ||
| 100 | 1 |
_aGonnard, René. _958252 |
|
| 245 | 1 | 0 |
_aHistoire des doctrines monétaires dans ses rapports avec l'histoire des monnaies / _cRené Gonnard. |
| 260 |
_aParis : _b[s.n., _c1935-1936] ( _eBordueaux : _fJ. Biere) |
||
| 300 |
_a2 v. ; _c23 cm. |
||
| 505 | 8 | _aContiene: T.I: De l'antiquité au XVII siécle. -- T.II: De XVIIe siécle a 1914 | |
| 852 |
_aES-MaACL _jA-4157-58 |
||
| 999 |
_c73910 _d73910 |
||